Name these Jennifers - Statistics

General Stats
  • This quiz has been taken 121 times
  • The average score is 7 of 20
Answer Stats
Picture Hint Answer % Correct
Actress Jennifer Aniston
95%
Actress Jennifer Lawrence
93%
Singer, Actress Jennifer Lopez
93%
Actress Jennifer Garner
65%
Actress Jennifer Love Hewitt
50%
Singer, Actress Jennifer Hudson
48%
Actress Jennifer Coolidge
41%
Actress Jennifer Connelly
35%
Actress Jennifer Grey
23%
Actress Jennifer Jason Leigh
23%
Actress, Comedienne, Screenwriter Jennifer Saunders
23%
Tennis Player Jennifer Capriati
19%
Actress Jennifer Morrison
15%
White House Press Secretary Jen Psaki
13%
Actress Jennifer Jones
12%
US Secretary of Energy Jennifer Granholm
6%
Voice Actress Jennifer Hale
2%
Screenwriter, Director Jennifer Lee
2%
Author Jennifer Ackerman
1%
Singer Jenny Lewis
0%
No matching quizzes found
Score Distribution
Percent of People with Each Score
Percentile by Number Answered
Your Score History
You have not taken this quiz